Guía de buenas prácticas en explotaciones lecheras.

Guardado en:
Autor Corporativo: Organización de las Naciones Unidas para la Agricultura y la Alimentación.
Formato: Libro
Idioma:Spanish
Publicado: Roma : FAO : Federación Internacional de Lechería, 2004.
Acceso en línea:Texto completo
Etiquetas: Agregar Etiqueta
Sin Etiquetas, Sea el primero en etiquetar este registro!
LEADER 00657nam a22001695a 4500
001 EEA.libagro008255
005 20161102103149.0
008 130809s2004####it#a##########000#0#spa#d
020 |a 9253050945 
082 0 4 |a 637 
245 1 0 |a Guía de buenas prácticas en explotaciones lecheras. 
260 |a Roma :  |b FAO :  |b Federación Internacional de Lechería,  |c 2004. 
300 |a 32 p. :  |b il. ;  |c 25 cm. 
530 |a Disponible también en línea. 
710 2 |a Organización de las Naciones Unidas para la Agricultura y la Alimentación. 
856 |u http://www.fao.org/docrep/008/y5224s/y5224s00.htm  |3 Texto completo 
859 |a AR-BbBCA  |b BIB. AGRONOMIA  |h 637  |i F218  |p 2009/5644